Countries: After Y Quiz Stats

 Plays Quiz Updated Jul 20, 2017

Challenge
Share
Tweet
Embed
Score 0/8 Timer 02:00
0 Plays Today
Letter After 'Y' Name of Country % Correct
-Turkey, Norway, ...
85.3%
EYemen
83.9%
RSyria, Kyrgyzstan
80.1%
AKenya, Libya, ...
76.9%
PEgypt, Cyprus
73%
ZKyrgyzstan
69.1%
SMalaysia
37.9%
CSeychelles
35.6%

You're not logged in!

Compare scores with friends on all Sporcle quizzes.
Join for Free
OR
Log In

You Might Also Like...

Show Comments

Extras

Top Quizzes Today


Score Distribution

Your Account Isn't Verified!

In order to create a playlist on Sporcle, you need to verify the email address you used during registration. Go to your Sporcle Settings to finish the process.

Report this User

Report this user for behavior that violates our Community Guidelines.

Details: